=LDR 00000nam 2200000 4500 =001 INLIS000000000039358 =005 20140318101132.0 =006 =007 =008 Ind =035 ##$$a 0010-061300000039358 =041 ##$$a Ind =082 ##$$a 650.1 =090 ##$$a 650.1, Rin s =100 ##$$a Rini, Ana s =245 ##$$a Sukses Buka Toko Kelontong Modal 2,5 Juta, Ana S Rini =260 ##$$a 2010 $b Yogyakarta =300 ##$$a 95 Hlm, 22 Cm =850 ##$$a NBPNMAT